Study on women's particpation in agricultural sector for developing family economics in kandal province, សិក្សាពីការចូលរួមរបស់ស្រ្តីនៅក្នុងវិស័យកសិកម្ម ដើម្បីអភិវឌ្ឍន៍សេដ្ឋកិច្ចគ្រួសារ​ នៅខេត្តកណ្ដាល. (Record no. 4271)

000 -LEADER
fixed length control field 00788nam a22001577a 4500
003 - CONTROL NUMBER IDENTIFIER
control field OSt
005 - DATE AND TIME OF LATEST TRANSACTION
control field 20151209110144.0
008 - FIXED-LENGTH DATA ELEMENTS--GENERAL INFORMATION
fixed length control field 151209b xxu||||| |||| 00| 0 eng d
040 ## - CATALOGING SOURCE
Transcribing agency RUA
082 ## - DEWEY DECIMAL CLASSIFICATION NUMBER
Classification number ATM MAN 2006 B194 Or.1
100 ## - MAIN ENTRY--PERSONAL NAME
9 (RLIN) 4583
Personal name MAN VITOURAK; ម៉ាន់ វិទូរៈ
245 ## - TITLE STATEMENT
Title Study on women's particpation in agricultural sector for developing family economics in kandal province, សិក្សាពីការចូលរួមរបស់ស្រ្តីនៅក្នុងវិស័យកសិកម្ម ដើម្បីអភិវឌ្ឍន៍សេដ្ឋកិច្ចគ្រួសារ​ នៅខេត្តកណ្ដាល.
260 ## - PUBLICATION, DISTRIBUTION, ETC. (IMPRINT)
Place of publication, distribution, etc. Phnom Penh
Name of publisher, distributor, etc. RUA
Date of publication, distribution, etc. 2006
300 ## - PHYSICAL DESCRIPTION
Extent xvi; 47p.
Other physical details ill.
Dimensions 29cm.
942 ## - ADDED ENTRY ELEMENTS (KOHA)
Source of classification or shelving scheme
Koha item type ATM
Holdings
Price effective from Date last seen Permanent Location Not for loan Date acquired Source of classification or shelving scheme Koha item type Lost status Withdrawn status Date last checked out Total Checkouts Shelving location Damaged status Barcode Current Location Full call number
2015-12-092022-08-19Library Block B 2015-12-09 ATM  2022-08-102B194 RUA44321Library Block BATM MAN 2006 B194 Or.1
2015-12-092016-10-14Library Block B 2015-12-09 ATM  2016-10-071B194 RUA44137Library Block BATM MAN 2006 B194 Or.2
2015-12-092022-09-21Library Block B 2015-12-09 ATM  2022-09-021B194 RUA44197Library Block BATM MAN 2006 B194 Or.3
2015-12-092022-08-03Library Block B 2015-12-09 ATM  2022-08-023B194 RUA44257Library Block BATM MAN 2006 B194 Or.4
2015-12-092015-12-09Library Block B 2015-12-09 ATM    B194 RUA44188Library Block BATM MAN 2006 B194 Or.5
2015-12-092015-12-09Library Block B 2015-12-09 ATM    B194 RUA44012Library Block BATM MAN 2006 B194 Or.6
មជ្ឈមណ្ឌលឯការនៃសាកលវិទ្យាល័យភូមិន្ទកសិកម្មចំការដូង

Powered by Koha